<?xml version="1.0" encoding="UTF-8"?>
<marc:record xmlns:marc="http://www.loc.gov/MARC21/slim">
   <marc:leader>00000nam a2200000 a 4500</marc:leader>
   <marc:datafield ind1="1" ind2=" " tag="100">
      <marc:subfield code="a">Collins, Suzanne</marc:subfield>
      <marc:subfield code="4">aut</marc:subfield>
      <marc:subfield code="e">Verfasser/-in</marc:subfield>
   </marc:datafield>
   <marc:datafield ind1=" " ind2=" " tag="653">
      <marc:subfield code="a">Jugend XXX</marc:subfield>
   </marc:datafield>
   <marc:datafield ind1="0" ind2="0" tag="245">
      <marc:subfield code="a">Die Tribute von Panem X</marc:subfield>
   </marc:datafield>
   <marc:datafield ind1="0" ind2="0" tag="245">
      <marc:subfield code="b">das Lied von Vogel und Schlange</marc:subfield>
   </marc:datafield>
   <marc:datafield ind1="0" ind2="0" tag="245">
      <marc:subfield code="c">Collins, Suzanne</marc:subfield>
   </marc:datafield>
   <marc:datafield ind1=" " ind2="1" tag="264">
      <marc:subfield code="a">Hamburg</marc:subfield>
      <marc:subfield code="b">Oetinger</marc:subfield>
      <marc:subfield code="c">2020</marc:subfield>
   </marc:datafield>
   <marc:datafield ind1=" " ind2=" " tag="250">
      <marc:subfield code="a">1. Auflage</marc:subfield>
   </marc:datafield>
   <marc:datafield ind1="1" ind2=" " tag="520">
      <marc:subfield code="a">Quelle: bn.bibliotheksnachrichten (http://www.biblio.at/literatur/bn/index.html); &#xD;
Autor: Elisabeth Gstaltmaier; &#xD;
Die Anfänge von Präsident Coriolanus Snow. (ab 13) (JE)&#xD;
Coriolanus Snow ist 18 Jahre alt und zählt zu den ersten Mentoren der Hungerspiele. Bei den 10. Hungerspielen wird nämlich etwas völlig Neues eingeführt: den Tributen aus den Distrikten werden Mentorinnen und Mentoren aus dem Kapitol zugewiesen. Coriolanus, ein Schüler im Abschlussjahr an der Akademie, dessen Familie der soziale Abstieg bevorsteht, bekommt das Mädchen aus Distrikt 12 zugeteilt. Trotz anfänglicher Enttäuschung entpuppt sich das 16-jährige Tribut Lucy Gray als Publikumsliebing. Zwischen den beiden Jugendlichen entwickelt sich eine enge Beziehung. Doch während der Wirren um die Spiele und dem Kampf ums Überleben wird auch Snows Alltag immer mehr zum brutalen Existenzkampf.&#xD;
"Die Tribute von Panem X: Das Lied von Vogel und Schlange" ist ein interessantes und gelungenes Prequel zur beliebten Trilogie. Es ist nicht nötig, die Trilogie zu kennen, um der Handlung folgen zu können. Die Entwicklung Coriolanus Snows vom beliebten Jugendlichen zum machtbesessenen, ehrgeizigen und brutalen Präsidenten Panems, wie er aus den bisher erschienenen Büchern bekannt ist, ist sehr spannend beschrieben. Die Leserinnen und Leser erfahren darüber hinaus viel über das Leben im Kapitol kurz nach dem Krieg und die Anfänge der Hungerspiele. Der Roman ist sehr empfehlenswert, vor allem natürlich für Fans der Reihe.</marc:subfield>
   </marc:datafield>
   <marc:datafield ind1=" " ind2=" " tag="020">
      <marc:subfield code="a">9783789120022</marc:subfield>
      <marc:subfield code="9">9783789120022</marc:subfield>
   </marc:datafield>
   <marc:datafield ind1=" " ind2=" " tag="020">
      <marc:subfield code="a">3789120022</marc:subfield>
      <marc:subfield code="9">3789120022</marc:subfield>
   </marc:datafield>
   <marc:datafield ind1=" " ind2=" " tag="041">
      <marc:subfield code="a">ger</marc:subfield>
   </marc:datafield>
   <marc:datafield ind1=" " ind2=" " tag="338">
      <marc:subfield code="a">Band</marc:subfield>
   </marc:datafield>
   <marc:datafield ind1=" " ind2=" " tag="300">
      <marc:subfield code="a">607 S.</marc:subfield>
   </marc:datafield>
</marc:record>
